000 00276nam a2200121Ia 4500
008 241002s9999 xx 000 0 und d
082 _a808.88 HAB
100 _aHabib, Rahimtoola
245 0 _aAutumn Harvest
260 _aLahore:
_c1966
600 _aLiterature
942 _cUC
999 _c18798
_d18798